=LDR 00000nam 2200000 4500 =001 INLIS000000000039100 =005 20130612144743 =008 ***********************************ind** =035 ##$$0010-061300000039100 =041 ##$$a ind =082 ##$$a 813 =090 ##$$a 813, kin t =100 ##$$a Kingsbury, karen =245 ##$$a Take One =650 ##$$a Novel =850 ##$$a NBPNMAT =990 ##$$a 21195140/BPAP-NTB/2014 =990 ##$$a 0001/BPAP-NTB/20142015